000 00711nam a2200205 i 4500
001 163908
003 ES-MaACL
005 20230906212832.0
008 991112s1887 fr |||| | fre d
040 _aAS
_bspa
_cAS
245 0 0 _aRomances Choisis
_b: romances históricos, fronterizos, novelescos ... /
_ctextes annotés ... par Jean Ducamin.
260 _aParis :
_bGarnier Fréres,
_c[s.a.] (
_eCorbeil :
_fImprimerie Ed. Crété)
300 _a240 p. ;
_c18 cm.
490 1 _aCollection E. Merimée
596 _aEn introducción consta 1887.
700 0 _aDucamin, Jean.
_945800
830 0 _aCollection E. Merimée
_9222313
852 _aES-MaACL
_jG-15865
_z-- Enc. tela
999 _c163908
_d163908